000 00444nam a2200169 a 4500
001 5531
005 20180713185404.0
008 140415s1975 ag 000 0 spa d
041 _aspa
082 _a370.15
_bGOR
100 1 _aGORMAN, RICHARD M.
245 1 0 _aINTRODUCCION A PIAGET :
_bUNA GUIA PARA MAESTROS
250 _a1a ed.
260 _aARGENTINA :
_bPAIDOS,
_c1975
300 _a126
650 1 4 _aPSICOLOGIA EDUCATIVA
999 _c5531
_d5531